[Event "ch-ESP (team) Div 2"]
[Site "Cala Galdana ESP"]
[Date "1999.11.09"]
[Round "2"]
[White "Baron Rodriguez,Je"]
[Black "Tebar Moreno,J"]
[Result "0-1"]
[WhiteElo "2409"]
[BlackElo "2204"]

1.e4 d5 2.exd5 Qxd5 3.Nc3 Qd8 4.d4 Nf6 5.Nf3 Bf5 6.Bc4 c6 7.Ne5 e6 8.g4 Bg6
9.h4 Bb4 10.h5 Be4 11.Rh3 Nbd7 12.Qe2 Nb6 13.g5 Bf5 14.Rf3 Nxc4 15.gxf6 Nxe5
16.Rxf5 exf5 17.dxe5 gxf6 18.exf6+ Kd7 19.Bf4 Kc8 20.Rd1 Qe8 21.Be5 Rg8 22.Kd2 Qe6
23.Kc1 Bxc3 24.bxc3 Rd8 25.f4 Rxd1+ 26.Qxd1 b6 27.Qd3 Kb7 28.c4 Rg8 29.Kb2 Kc8
30.c5 Kb7 31.a4 bxc5 32.a5 Qd5 33.Qa3 c4 34.Qe7+ Ka6 35.Qc7 Qb5+ 36.Kc1 Rg1+
37.Kd2 Qxa5+ 38.Qxa5+ Kxa5 39.h6 Rh1 40.Kc3 Kb5 41.Bb8 a5 42.Kd4 Re1  0-1

[Event "ch-ESP (team) Div 2"]
[Site "Cala Galdana ESP"]
[Date "1999.11.10"]
[Round "3"]
[White "Del Rio Angelis,S"]
[Black "Pinero Fernandez,X"]
[Result "1-0"]
[WhiteElo "2471"]
[BlackElo "2162"]

1.e4 d5 2.exd5 Qxd5 3.Nc3 Qd8 4.d4 Nf6 5.Bc4 c6 6.Nf3 Bf5 7.Ne2 Nbd7 8.Ng3 Bg4
9.c3 e6 10.h3 Bxf3 11.Qxf3 g6 12.O-O Bg7 13.Re1 O-O 14.Bb3 a5 15.a4 Nd5 16.Ne4 e5
17.dxe5 Nxe5 18.Qg3 Re8 19.Bg5 f6 20.Bd2 f5 21.Bg5 Qb6 22.Nf6+ Bxf6 23.Bxf6 f4
24.Bxd5+ cxd5 25.Qxf4 Nd3 26.Rxe8+ Rxe8 27.Qf3 Qxf2+ 28.Qxf2 Nxf2 29.Kxf2 Rf8
30.Re1 Rxf6+ 31.Kg3 Rb6 32.Re2 Kf7 33.Rd2 Ke6 34.Kf4 Rc6 35.Kg5 Ke5 36.Re2+ Kd6
37.Kh6 Rc7 38.g4 Kc5 39.Re6 b5 40.Ra6  1-0

[Event "ch-ESP (team) Div 2"]
[Site "Cala Galdana ESP"]
[Date "1999.11.10"]
[Round "3"]
[White "Garcia Luque,A"]
[Black "Hernando,A"]
[Result "1-0"]
[WhiteElo "2324"]
[BlackElo "2201"]

1.e4 d5 2.exd5 Qxd5 3.Nc3 Qd8 4.Bc4 c6 5.Nf3 Bf5 6.O-O e6 7.d4 Nd7 8.h3 Be7
9.Qe2 Ngf6 10.Nh4 Bg6 11.Nxg6 hxg6 12.Ne4 Nxe4 13.Qxe4 Nf6 14.Qd3 Qc7 15.c3 O-O
16.Qf3 Bd6 17.Re1 Rad8 18.Bb3 Be7 19.Bf4 Bd6 20.Bg5 Be7 21.Re2 Nd5 22.Bd2 b6
23.Rae1 Bf6 24.Bc1 c5 25.dxc5 bxc5 26.Qg4 e5 27.Rd2 Nb6 28.Rxd8 Rxd8 29.Be3 Nd5
30.Bc1 Nb6 31.h4 Qd7 32.Qe4 Kf8 33.Be3 Qc7 34.a4 a5 35.g3 Be7 36.h5 f5 37.Qh1 g5
38.Be6 Bf6 39.Bxf5 Ke7 40.Qe4 Nd5 41.Bc1 Kf8 42.Bg4 Nb6 43.Qh7 Qf7 44.Be3 Be7
45.h6 g6 46.Qh8+  1-0

[Event "ch-ESP (team) Div 2"]
[Site "Cala Galdana ESP"]
[Date "1999.11.10"]
[Round "3"]
[White "Baron Rodriguez,Je"]
[Black "Colls Gelaberto,E"]
[Result "1-0"]
[WhiteElo "2409"]
[BlackElo "2220"]

1.e4 d5 2.exd5 Qxd5 3.Nc3 Qd6 4.d4 Nf6 5.Nf3 a6 6.Be3 Nc6 7.Be2 Bg4 8.Qd2 Bxf3
9.Bxf3 O-O-O 10.O-O-O e6 11.Kb1 Be7 12.g4 Na5 13.Qe2 Qb4 14.Rd3 Nc4 15.Nd1 Nb6
16.Rb3 Qa4 17.c4 Qxc4 18.Bxb7+ Kd7 19.Qf3 Ke8 20.Nc3 Nfd5 21.Nxd5  1-0

[Event "ch-ESP (team) Div 2"]
[Site "Cala Galdana ESP"]
[Date "1999.11.11"]
[Round "4"]
[White "Rogers,I"]
[Black "Lopez Martinez,J"]
[Result "1-0"]
[WhiteElo "2574"]
[BlackElo "2378"]

1.e4 d5 2.exd5 Qxd5 3.Nc3 Qd8 4.d4 Nf6 5.Bg5 e6 6.Nf3 Be7 7.Bd3 O-O 8.Qe2 Nbd7
9.Ne4 c5 10.dxc5 Nxc5 11.Nxc5 Qa5+ 12.c3 Qxc5 13.O-O Qc7 14.Rad1 Rd8 15.Ne5 g6
16.Rfe1 Nd5 17.Bxe7 Qxe7 18.Be4 Nf6 19.Bf3 Rxd1 20.Rxd1 Qc7 21.Qe3 Nd7 22.Nd3 a5
23.h4 Ra6 24.c4 Nf8 25.Qc5 Qd8 26.Nb4  1-0

[Event "ch-ESP (team) Div 2"]
[Site "Cala Galdana ESP"]
[Date "1999.11.15"]
[Round "8"]
[White "Mate Adan,R"]
[Black "Pinero Fernandez,X"]
[Result "0-1"]
[WhiteElo "2144"]
[BlackElo "2162"]

1.e4 d5 2.exd5 Qxd5 3.Nc3 Qd8 4.d4 Nf6 5.Bc4 c6 6.Bf4 Bf5 7.Nf3 e6 8.O-O Nbd7
9.Re1 Be7 10.Qd2 Nb6 11.Bb3 O-O 12.h3 Nbd5 13.Be5 Bb4 14.a3 Ne4 15.Qc1 Bxc3
16.bxc3 Nexc3 17.Qb2 b5 18.Rac1 Rc8 19.Bxd5 cxd5 20.Re3 Qa5 21.Qb3 Rfd8 22.Nh4 Bg6
23.g4 Rc6 24.f4 f6 25.f5 fxe5 26.fxg6 exd4 27.gxh7+ Kxh7 28.Re5 d3 29.Rf1 Qb6+
30.Kh2 Qc7 31.Nf3 d2 32.Kh1 Kg8  0-1

[Event "ch-ESP (team) Div 2"]
[Site "Cala Galdana ESP"]
[Date "1999.11.15"]
[Round "8"]
[White "Santos Izquierdo,F"]
[Black "Colls Gelaberto,E"]
[Result "1/2-1/2"]
[WhiteElo "2305"]
[BlackElo "2220"]

1.e4 d5 2.exd5 Qxd5 3.Nc3 Qd6 4.d4 Nf6 5.Nf3 a6 6.Bc4 Nc6 7.h3 Bf5 8.O-O e6
9.Be3 Be7 10.Qe2 h6 11.Rad1 Nb4 12.Bb3 O-O 13.Rfe1 Rfe8 14.Ne5 Nbd5 15.Nxd5 exd5
16.Bf4 Qd8 17.c4 Bb4 18.Rf1 c6 19.c5 Ba5 20.g4 Be6 21.Bc2 Nh7 22.Qd3 Nf8
23.Bg3 Bc7 24.Rde1 h5 25.f4 Bxe5 26.Rxe5 f6 27.Ree1 Qd7 28.f5 Bf7 29.b4 Nh7
30.Bf4 Rxe1 31.Rxe1 Re8 32.Re3 Rxe3 33.Qxe3 Qe8 34.Kf2 Qxe3+ 35.Kxe3 hxg4
36.hxg4 Kf8 37.Kd3 Ke7 38.Kc3 Kd7 39.Kb3 Ng5 40.Bxg5 fxg5 41.a4 Kc7  1/2-1/2

[Event "ch-ARG Najdorf mem"]
[Site "Buenos Aires ARG"]
[Date "1999.11.19"]
[Round "1"]
[White "Zarnicki,P"]
[Black "Soppe,G"]
[Result "1/2-1/2"]
[WhiteElo "2497"]
[BlackElo "2448"]

1.e4 d5 2.exd5 Qxd5 3.Nc3 Qd6 4.d4 Nf6 5.Nf3 c6 6.Ne5 Be6 7.Bf4 Qd8 8.Qd2 g6
9.O-O-O Nbd7 10.d5 Bxd5 11.Nxd5 Nxd5 12.c4 Nxe5 13.Bxe5 f6 14.Bg3 Nb6 15.Qe3 Qc8
16.h4 h5 17.Bd3 Kf7 18.Rhe1 Bh6 19.f4 Re8 20.Kb1 f5 21.Qf3 e6 22.Bf2  1/2-1/2

[Event "Eu Team Ch"]
[Site "Batumi GEO"]
[Date "1999.12.01"]
[Round "3"]
[White "Stevic,H"]
[Black "Dizdarevic,E"]
[Result "1/2-1/2"]
[WhiteElo "2470"]
[BlackElo "2527"]

1.e4 d5 2.exd5 Qxd5 3.Nc3 Qd6 4.d4 Nf6 5.Bc4 a6 6.Bb3 e6 7.Nge2 b5 8.Bf4 Qd8
9.O-O Bb7 10.Qe1 c5 11.dxc5 Bxc5  1/2-1/2

[Event "Open"]
[Site "Las Palmas ESP"]
[Date "1999.12.03"]
[Round "3"]
[White "Ortega Izquierdo,A"]
[Black "Garcia Ilundain,D"]
[Result "0-1"]
[WhiteElo "2365"]
[BlackElo "2510"]

1.e4 d5 2.exd5 Qxd5 3.Nc3 Qd8 4.d4 Nf6 5.Bf4 c6 6.Bc4 Bf5 7.Nf3 e6 8.O-O Nbd7
9.Qe2 Nb6 10.Bd3 Bxd3 11.Qxd3 Be7 12.Rfd1 O-O 13.Ne4 Nxe4 14.Qxe4 Qd5 15.Qxd5 cxd5
16.Ne5 Rfc8 17.c3 Na4 18.Nd3 Rc6 19.Rac1 Rac8 20.Rc2 b5 21.a3 a5 22.Re2 Bxa3
23.bxa3 Nxc3 24.Red2 Nxd1 25.Rxd1 Rc3 26.a4 bxa4 27.Nc5 a3 28.Ra1 Rc4 29.Be3 e5
30.Nb3 Rb4 31.Rxa3 a4 32.Nd2 exd4 33.Bf4 Rc1+ 34.Nf1 Rd1  0-1

[Event "107th ch-NZL"]
[Site "Auckland NZL"]
[Date "1999.12.30"]
[Round "3"]
[White "Van Riemsdijk,H"]
[Black "Sermek,D"]
[Result "1/2-1/2"]
[WhiteElo "2422"]
[BlackElo "2545"]

1.e4 d5 2.exd5 Qxd5 3.Nc3 Qd6 4.d4 Nf6 5.Nf3 a6 6.Be2 Nc6 7.Be3 Bg4 8.Qd2 e6
9.O-O-O O-O-O 10.a3 Be7 11.Ng5 Rdf8 12.Nge4 Qd8 13.Nxf6 Bxe2 14.Qxe2 Bxf6
15.d5 exd5 16.Nxd5 Kb8 17.Nb4 Qe8 18.Nxa6+ bxa6 19.Qxa6 Qe5 20.Rd3 Qxb2+
21.Kd2 Rd8 22.Qxc6 Rxd3+ 23.Kxd3 Qxa3+ 24.Ke2 Qb4 25.Rd1 Rd8 26.Rxd8+ Bxd8
27.Qd5 Bf6 28.h3 Qb2 29.Qc5 h6 30.Bf4 Bd8 31.Be5 Qb7 32.Bxg7 Qxg2 33.Qb4+ Ka8
34.Qg4 Qb7 35.Qa4+ Kb8 36.Bxh6 Qh1 37.Qb5+ Kc8 38.Qf5+ Kb8 39.Qf3 Qa1 40.Qb3+ Kc8
41.Bf4 Qd4 42.Kf3 Qd1+ 43.Kg2 Qd4 44.Qf3 Qc4 45.Qg4+ Kb7 46.Qf5 Kb6 47.Be3+ Kb7
48.Kf3 c6 49.Qd3 Qh4 50.Kg2 Bc7 51.c4 f5 52.Qb1+ Ka8 53.Qxf5 Qxc4 54.Qc8+ Bb8
55.Kg1 Qa4 56.h4 c5 57.Qf5 Qxh4 58.Qd5+ Ka7 59.Bxc5+ Ka6 60.Be3 Qh2+ 61.Kf1 Qd6
62.Qa8+ Kb5 63.Qb7+ Ka5 64.Bd2+ Ka4 65.f4 Qd3+ 66.Ke1 Qg3+ 67.Ke2 Qg4+ 68.Kf2 Qh4+
69.Ke2 Qg4+ 70.Kd3 Qf5+ 71.Kd4 Qf6+ 72.Kc4 Qe6+ 73.Kc3 Be5+ 74.Kd3 Qf5+ 75.Ke2 Qg4+
76.Kd3  1/2-1/2

[Event "Belgian Interteams 1999-2000"]
[Site "Antwerp BEL"]
[Date "1999.12.??"]
[Round "6"]
[White "Coenen,N"]
[Black "Van Hul,C"]
[Result "1-0"]
[WhiteElo "2383"]
[BlackElo "2181"]

1.e4 d5 2.exd5 Qxd5 3.Nc3 Qd6 4.d4 Nf6 5.Be3 a6 6.Qd2 b5 7.Bf4 Qb6 8.Nf3 Bb7
9.Be2 e6 10.O-O Bd6 11.Ne5 Nbd7 12.a4 b4 13.Na2 Nd5 14.Nxd7 Kxd7 15.Bxd6 Qxd6
16.Bf3 Rab8 17.Nc1 Qf4 18.Qd1 Ke7 19.Nb3 Rhd8 20.Qd3 Qg5 21.Qc4 Ke8 22.Rfe1 Rd6
23.Qc5 Qe7 24.Na5 Ba8 25.Re5 Kf8 26.Rae1 Rbd8 27.h3 R6d7 28.Nb3 Qxc5 29.Nxc5 Rd6
30.a5 Ne7 31.Bxa8 Rxa8 32.c3 Nc6 33.Rh5 Nxa5 34.Rxh7 Kg8 35.Rh5 Nc4 36.Na4 bxc3
37.bxc3 Rb8 38.Ra1 Rb3 39.Rc5 Nb6 40.Rxc7 Nd5  1-0

[Event "Landesliga Nord 9899"]
[Site "Bayern"]
[Date "1999.??.??"]
[Round "?"]
[White "Pasedag, Peter"]
[Black "Sterk, Joachim"]
[Result "1-0"]
[WhiteElo "2165"]
[BlackElo "2020"]

1.e4 d5 2.exd5 Qxd5 3.Nc3 Qd6 4.d4 Nf6 5.Be3 a6 6.Qd2 b5 7.Be2 Bb7 8.Bf3 Bxf3
9.Nxf3 e6 10.O-O Nbd7 11.Bf4 Qc6 12.d5 exd5 13.Rfe1+ Be7 14.Nd4 Qc5 15.b4 Qxb4
16.Nc6 Qc5 17.Nxe7  1-0

[Event "Landesliga Nord 9899"]
[Site "Bayern"]
[Date "1999.??.??"]
[Round "?"]
[White "Nussbaumer, Hans"]
[Black "Sterk, Joachim"]
[Result "1-0"]
[WhiteElo "1950"]
[BlackElo "2020"]

1.e4 d5 2.exd5 Qxd5 3.Nc3 Qd6 4.Nf3 Nf6 5.d4 a6 6.Ne5 c5 7.Be3 e6 8.Be2 Nc6
9.Nc4 Qc7 10.dxc5 Nb4 11.Nd6+ Bxd6 12.cxd6 Qc6 13.O-O Nbd5 14.Bf3 O-O 15.Nxd5 exd5
16.Bf4 Be6 17.Qd2 Rac8 18.c3 Ne4 19.Bxe4 dxe4 20.h3 Rcd8 21.Rfd1 Rd7 22.b3 f6
23.c4 g5 24.Bg3 h6 25.h4 gxh4 26.Bxh4 Kh7 27.Bg3 f5 28.Qe3 Rg8 29.Bf4 Rdg7
30.g3 h5 31.Kg2 Rg4 32.d7 Bxd7 33.Rd6 Qc8 34.Rh6+ Kg7 35.Qd4+ Kf8 36.Bd6+ Ke8
37.Qe5+  1-0

[Event "Bratto op 19th"]
[Site "Bratto"]
[Date "1999.??.??"]
[Round "1"]
[White "Tiviakov, Sergei"]
[Black "Campanile, Antonio"]
[Result "1-0"]
[WhiteElo "2627"]
[BlackElo "2174"]

1.e4 d5 2.exd5 Qxd5 3.Nc3 Qd6 4.d4 Nf6 5.Nf3 a6 6.Be2 e6 7.O-O Be7 8.Ne5 Nc6
9.Nxc6 Qxc6 10.Bf3 Qd6 11.Be3 O-O 12.Qe2 Rb8 13.Rad1 Bd7 14.Bc1 Rfe8 15.Qe5 Qb6
16.Rfe1 Rbd8 17.Qe2 Bc6 18.Bxc6 Qxc6 19.Rd3 b5 20.a3 Qb7 21.Bg5 Nd5 22.Bxe7 Rxe7
23.Qf3 c6 24.Ne4 Nb6 25.Nf6+ Kh8 26.Qe4 gxf6 27.Rh3 f5 28.Qe5+  1-0

[Event "Budapest FS08 Elo"]
[Site "Budapest"]
[Date "1999.??.??"]
[Round "1"]
[White "Aliamo, R."]
[Black "Campanile, Antonio"]
[Result "0-1"]
[WhiteElo "2065"]
[BlackElo "2155"]

1.e4 d5 2.exd5 Qxd5 3.Nc3 Qd6 4.d4 Nf6 5.Nf3 a6 6.Bc4 Bf5 7.O-O Nc6 8.Ne2 e6
9.Bf4 Qd7 10.c3 Be7 11.Ng3 Bg6 12.Qe2 O-O-O 13.b4 Bd6 14.Bxd6 Qxd6 15.a4 Ne7
16.a5 Ned5 17.Qb2 c6 18.Ne5 Nc7 19.Rfd1 Nfd5 20.Bd3 f6 21.Nc4 Qe7 22.Nb6+ Kb8
23.Ne4 Bxe4 24.Bxe4 f5 25.Bd3 h5 26.Re1 Rhf8 27.Qd2 g5 28.Nc4 Nf4 29.Bf1 Ng6
30.Ne5 Nxe5 31.Rxe5 Rd5 32.Rae1 Rfd8 33.Bc4 Rxe5 34.Rxe5 Rd6 35.Qe2 Qf7 36.Qe3 Qf6
37.Bb3 Nd5 38.Qe1 Nf4 39.g3 Nd3 40.Qe3 f4 41.Qe2 Nc1 42.Qc2 Nxb3 43.Qxb3 f3
44.Qc2 Rd5 45.Qe4 Rxe5 46.dxe5 Qf5 47.Qe1 Qd3 48.h3 Qe2 49.Qc1 Qxe5 50.Qd1 Qd5
51.Qc2 Qf5 52.Qd1 Qd5 53.Qc2 h4 54.g4 Ka7 55.Qc1 Ka8 56.c4 Qe4 57.Qd2 Ka7
58.Qe3+ Qxe3 59.fxe3 c5 60.bxc5 e5 61.e4 Kb8 62.Kf2 Kc7 63.Kxf3 Kc6 64.Ke3 Kxc5
65.Kd3 Kb4 66.c5 Kxc5 67.Kc3 Kb5 68.Kb3  0-1

[Event "Budapest FS08 Elo"]
[Site "Budapest"]
[Date "1999.??.??"]
[Round "5"]
[White "Seidel, Michael"]
[Black "Campanile, Antonio"]
[Result "1/2-1/2"]
[WhiteElo "2100"]
[BlackElo "2155"]

1.e4 d5 2.exd5 Qxd5 3.Nc3 Qd6 4.d4 Nf6 5.Nf3 a6 6.Be2 e6 7.O-O Nc6 8.Re1 Be7
9.a3 O-O 10.Qd3 Rd8 11.Be3 e5 12.dxe5 Nxe5 13.Qxd6 Bxd6 14.Bg5 Bf5 15.Bxf6 gxf6
16.Nd5 Bxc2 17.Nxf6+ Kg7 18.Nh5+ Kh6 19.Nf6 Kg6 20.Rac1 Nd3 21.Bxd3+ Bxd3
22.Ng4 f6 23.Red1 Be2 24.Re1 Bxf3 25.gxf3 Re8 26.Ne3 Re5 27.Kh1 Rh5 28.Nf1 Kf7
29.Re4 Re8 30.Rce1 Rg8 31.Ng3 Re5 32.R1e3 Rg6 33.Rh4 Rxe3 34.fxe3 Bxg3 35.hxg3 Rxg3
36.Rxh7+  1/2-1/2

[Event "Cannes op"]
[Site "Cannes"]
[Date "1999.??.??"]
[Round "3"]
[White "Gaudineau, Eric"]
[Black "Delchev, Aleksander"]
[Result "0-1"]
[WhiteElo "2320"]
[BlackElo "2548"]

1.e4 d5 2.exd5 Qxd5 3.Nc3 Qd6 4.Nf3 Nf6 5.d4 a6 6.Bd3 Nc6 7.Ne4 Nxe4 8.Bxe4 Bg4
9.O-O f5 10.Bxc6+ Qxc6 11.d5 Qd6 12.h3 Bh5 13.Qd3 e6 14.Re1 O-O-O 15.dxe6 Qxd3
16.cxd3 Bb4 17.Re3 Rhe8 18.Bd2 Bd6 19.Ree1 Bxf3 20.gxf3 Be7 21.Re3 Bg5 22.Re2 Bxd2
23.Rxd2 Rxe6 24.Rc1 Red6 25.Rc3 Rd4 26.Kg2 R8d6 27.Rc5 g6 28.Rc3 Kd7 29.Rdc2 c6
30.Rb3 Kc7 31.Rd2 b5 32.a3 a5 33.Rc3 Kb6 34.b3 b4 35.axb4 axb4 36.Rc1 Rxd3
37.Rb2 Rc3 38.Ra1 Rdd3 39.Ra4 Kb5 40.Ra7 Rxb3 41.Rb7+ Ka6 42.Rxb4 Rxb4 43.Rxb4 c5
44.Ra4+ Kb6 45.Kg3 Rd7 46.h4 Ra7 47.Rc4 Kb5 48.Rc1 c4 49.Kf4 Re7 50.h5 Kb4
51.Rb1+ Kc5 52.Rc1 Re6 53.Kg5 Kb4 54.Rb1+ Kc5 55.Rc1 Rc6 56.Kf4 Kb4 57.Rb1+ Ka3
58.Rb7 c3 59.Ra7+ Kb3 60.Rb7+ Kc4 61.Ke3 Re6+ 62.Kf4 Kd5 63.Rd7+ Rd6 64.Rc7 Rc6
65.Rd7+ Ke6 66.Rd1 c2 67.Rc1 Rc3 68.Kg5 gxh5 69.Kxh5 Kf6  0-1

[Event "Moravia-chT 9899"]
[Site "CZE"]
[Date "1999.??.??"]
[Round "9"]
[White "Kalod, Radek"]
[Black "Chytilek, Roman"]
[Result "1-0"]
[WhiteElo "2450"]
[BlackElo "2370"]

1.e4 d5 2.exd5 Qxd5 3.Nc3 Qd6 4.d4 Nf6 5.Nf3 a6 6.Be3 b5 7.Qd2 Bb7 8.Ne5 Nbd7
9.a4 b4 10.Ne2 Ne4 11.Nc4 Nxd2 12.Nxd6+ cxd6 13.Bxd2 a5 14.c3 Nb6 15.cxb4 axb4
16.a5 Nd5 17.Nc1 Bc6 18.Nd3 Rb8 19.a6 b3 20.Be2 g6 21.a7 Ra8 22.Bf3 e6 23.O-O Bg7
24.Rfc1 Kd7 25.Be3 Ne7 26.Bd1 Nf5 27.Nb4 Nxd4 28.Bxd4 Bxd4 29.Nxc6 Bxb2 30.Bxb3 Bxa1
31.Ba4 Bf6 32.Ne5+ Ke7 33.Rc7+ Kf8 34.Nd7+ Kg7 35.Nxf6 Kxf6 36.Bc6 d5 37.Kf1 Rhd8
38.Ke2 Ke5 39.Ke3 Kd6 40.Bxa8 Rxa8 41.Rxf7 Ke5 42.Rxh7 d4+ 43.Kd3 g5 44.f3 Kd5
45.Rg7 Ke5 46.Rxg5+  1-0

[Event "Dresden (Women)"]
[Site "Dresden"]
[Date "1999.??.??"]
[Round "?"]
[White "Heymann, Ulrike"]
[Black "David, Gundula"]
[Result "1-0"]
[WhiteElo "2195"]
[BlackElo "2125"]

1.e4 d5 2.exd5 Qxd5 3.Nc3 Qd6 4.d4 Nf6 5.Bc4 a6 6.Nge2 Bf5 7.Bf4 Qd7 8.Ng3 Bg6
9.d5 b5 10.Bb3 c5 11.a4 c4 12.Ba2 b4 13.Bxc4 bxc3 14.bxc3 Qc8 15.Qe2 Nbd7
16.a5 Nc5 17.O-O e6 18.Rfd1 Be7 19.h4 h5 20.Be5 O-O 21.d6 Bd8 22.Rd4 Ng4
23.Rxg4 hxg4 24.Qxg4 f6 25.Bd4 Bf7 26.Nh5 Bxh5 27.Qxh5 Ne4 28.Qe2 Nc5 29.Qe3 Nd7
30.Bxe6+ Rf7 31.Qe2 Qb7 32.Bxf7+ Kxf7 33.Qh5+ Kg8 34.Re1 Ne5 35.Bxe5 fxe5
36.Qe8+ Kh7 37.Rxe5 Bg5 38.d7 Rxe8 39.dxe8=Q Bh6 40.h5 Qb1+ 41.Re1 Qxc2 42.Qe4+  1-0

[Event "Cataluna-ch U20"]
[Site "ESP"]
[Date "1999.??.??"]
[Round "?"]
[White "Fluvia Poyatos, Joan"]
[Black "Pinazo Donoso, Jordi"]
[Result "1-0"]
[WhiteElo "2315"]
[BlackElo "2110"]

1.e4 d5 2.exd5 Qxd5 3.Nc3 Qd6 4.g3 Qe6+ 5.Be2 Nf6 6.d4 c6 7.Nf3 b6 8.O-O Bb7
9.Re1 Qc8 10.Bc4 Nd5 11.Ne5 e6 12.Qf3 Qc7 13.Bxd5 cxd5 14.Nb5 Qe7 15.Nd6+  1-0

[Event "Cataluna-chT"]
[Site "ESP"]
[Date "1999.??.??"]
[Round "1"]
[White "Magem Badals, Jorge"]
[Black "Baron Isanta, Jose Maria"]
[Result "1-0"]
[WhiteElo "2575"]
[BlackElo "2375"]

1.e4 d5 2.exd5 Qxd5 3.Nc3 Qd8 4.d4 c6 5.Bc4 Nf6 6.Nf3 Bf5 7.Ne5 e6 8.g4 Bg6
9.h4 Bb4 10.h5 Be4 11.O-O Bd5 12.Nxd5 Nxd5 13.f4 Nd7 14.c3 Bd6 15.Qf3 Qe7
16.Nxd7 Qxd7 17.f5 O-O-O 18.Bg5 Rde8 19.Rae1 exf5 20.Qxf5 Rxe1 21.Rxe1 Qxf5
22.gxf5 Kd7 23.Kf2 Re8 24.Rg1 Bf8 25.Kf3 Kd6 26.a4 Kd7 27.Bb3 h6 28.Bd2 Kd8
29.Re1 Rxe1 30.Bxe1 Ke8 31.Bxd5 cxd5 32.Bg3 Kd7 33.Ke3 Kc6 34.Kd3 f6 35.c4 a6
36.Be1 dxc4+ 37.Kxc4 b5+ 38.axb5+ axb5+ 39.Kb3 Kd5 40.Bb4  1-0

[Event "FRA-chT 9899"]
[Site "FRA"]
[Date "1999.??.??"]
[Round "3"]
[White "Kozakov, Mikhail"]
[Black "Hauchard, Arnaud"]
[Result "1/2-1/2"]
[WhiteElo "2420"]
[BlackElo "2524"]

1.e4 d5 2.exd5 Qxd5 3.Nc3 Qd6 4.d4 Nf6 5.Nf3 a6 6.Be2 Bg4 7.h3 Bh5 8.g4 Bg6
9.Ne5 Nc6 10.Nxc6 Qxc6 11.Bf3 Qe6+ 12.Be3 O-O-O 13.Qe2 h5 14.O-O-O hxg4 15.hxg4 Rxh1
16.Rxh1 Qd6 17.g5 Nd7 18.Bg2 Nb8 19.Qf3 Nc6 20.Rd1 e5 21.Qg4+ Qe6 22.Qxe6+ fxe6
23.Bxc6 exd4 24.Bxb7+ Kxb7 25.Rxd4 Rxd4 26.Bxd4 Bd6 27.Ne2 e5 28.Be3 Kc6
29.Kd2 Kd5 30.b3 Ke4 31.Nc3+ Kf3 32.Nd5 Be4 33.c4 c6 34.Nb6 Bb4+ 35.Kc1 Ba3+
36.Kd2 Bb4+ 37.Kc1 Ke2 38.Kb2 Bf5 39.Na4 Be1 40.Nc3+ Kf1 41.Nd1 Bd3 42.a4 Ke2  1/2-1/2

[Event "FRA-chT 9899"]
[Site "FRA"]
[Date "1999.??.??"]
[Round "5"]
[White "Hinks Edwards, Thom"]
[Black "Hauchard, Arnaud"]
[Result "1/2-1/2"]
[WhiteElo "2318"]
[BlackElo "2524"]

1.e4 d5 2.exd5 Qxd5 3.Nc3 Qd6 4.Nf3 Nf6 5.d4 a6 6.h3 c5 7.dxc5 Qxc5 8.Bd3 Nbd7
9.O-O e6 10.Re1 Be7 11.Ng5 Qc6 12.Nce4 h6 13.Nxf6+ Nxf6 14.Nf3 b5 15.Ne5 Qd5
16.c4 bxc4 17.Nxc4 Bb7 18.Bf1 O-O 19.Nb6 Qxd1 20.Rxd1 Rad8 21.Bd2 Bc5 22.Nc4 Bd5
23.Rac1 Ne4 24.Be3 Bxe3 25.Nxe3 Bxa2 26.Bxa6 Bb3 27.Rxd8 Rxd8 28.Bb7 Nd6
29.Rc3 Ba2 30.Ba6 Kf8 31.Ra3 Bb1 32.Bd3 Bxd3 33.Rxd3 Ke7 34.b3 Ra8 35.Nc4 Ra1+
36.Kh2 Nxc4 37.bxc4 Rc1 38.Rd4 Rc2 39.Kg3 g5 40.h4 e5 41.Rd5 Rxc4 42.Rxe5+ Kf6
43.Ra5 Rxh4 44.f3 Kg6 45.Kf2 h5 46.Rb5 Ra4 47.g3 Ra2+ 48.Kg1 f6 49.Rc5 Re2
50.Kf1 Re5 51.Rc4 Ra5 52.Kf2 Ra2+ 53.Kf1 Kf5 54.g4+ hxg4 55.Rxg4 Kg6 56.Rb4 Kh5
57.Rb5 Kg6 58.Rb4 Kf5 59.Rc4 Ke5 60.Re4+ Kd5 61.Rb4 Rc2 62.Ra4 f5 63.Ra5+ Ke6
64.Rb5 Rd2 65.Ra5 Rd5 66.Ra4 Ke5 67.f4+ gxf4 68.Kf2 Rd2+ 69.Kf3 Rd3+ 70.Kf2 Rd4
71.Ra8 Rd2+ 72.Kf3 Rd3+ 73.Kf2 f3 74.Ra4 Rb3 75.Rc4 Kf6 76.Rf4  1/2-1/2

[Event "FRA-chT 9899"]
[Site "FRA"]
[Date "1999.??.??"]
[Round "11"]
[White "Sokolov, Andrei"]
[Black "Hauchard, Arnaud"]
[Result "1/2-1/2"]
[WhiteElo "2567"]
[BlackElo "2524"]

1.e4 d5 2.exd5 Qxd5 3.Nc3 Qd6 4.d4 Nf6 5.Nf3 a6 6.Be2 Nbd7 7.O-O e6 8.Bg5 c5
9.Re1 Be7 10.d5 exd5 11.Bc4 d4 12.Ne4 Nxe4 13.Rxe4 Nf6 14.Bxf6 gxf6 15.b4 b6
16.bxc5 bxc5 17.Nh4 f5 18.Re1 Qf6 19.Qh5 O-O 20.Rxe7 Qxe7 21.Ng6 hxg6  1/2-1/2

[Event "BCF-chTB 98/99"]
[Site "GBR"]
[Date "1999.??.??"]
[Round "6"]
[White "Alfred, Nathan"]
[Black "Houska, Jovanka"]
[Result "1/2-1/2"]
[WhiteElo "2225"]
[BlackElo "2185"]

1.e4 d5 2.exd5 Qxd5 3.Nc3 Qd6 4.d4 Nf6 5.Nf3 a6 6.Be2 Bf5 7.a3 e6 8.h3 Nc6
9.Be3 O-O-O 10.Qd2 e5 11.O-O-O exd4 12.Nxd4 Nxd4 13.Qxd4 Qxd4 14.Rxd4 Bd6
15.g4 Bg6 16.Rhd1 Rde8 17.g5 Ne4 18.Bg4+ Kb8 19.Nd5 f6 20.gxf6 gxf6 21.Bf3 Rhf8
22.h4 c5 23.Ra4 Ka7 24.Bxe4 Bxe4 25.Nc3 Bc6 26.Rc4 Be7 27.Rxc5 Bxc5 28.Bxc5+ Kb8
29.Bxf8 Rxf8 30.Rd4 f5 31.Ne2 Rg8 32.Rf4 Bd7 33.Kd2 Kc7 34.Ng3 Kd6 35.Nxf5+ Ke5
36.Nh6 Rg7 37.Rf7 Rxf7 38.Nxf7+ Kf4 39.Ke2 Bc6 40.Ng5 h6 41.Nf7 h5 42.c4 Bg2
43.Nd6 Kg4 44.Ke3 Bh1 45.c5 Bc6 46.b4 Kxh4 47.Kf4 Kh3 48.Kg5 Bf3 49.a4 Kg2
50.b5 axb5 51.axb5 Kxf2  1/2-1/2

[Event "BCF-chTB 98/99"]
[Site "GBR"]
[Date "1999.??.??"]
[Round "8"]
[White "Varley, Peter"]
[Black "Houska, Jovanka"]
[Result "1-0"]
[WhiteElo "2210"]
[BlackElo "2185"]

1.e4 d5 2.exd5 Qxd5 3.Nc3 Qd6 4.d4 Nf6 5.Nf3 a6 6.Bc4 Bg4 7.O-O e6 8.h3 Bh5
9.Qe2 Nc6 10.g4 Bg6 11.d5 Nb4 12.dxe6 O-O-O 13.Rd1 Qe7 14.Bg5 fxe6 15.Bxe6+ Kb8
16.a3 Nxc2 17.Rac1 Re8 18.Nh4 Qxe6 19.Qxe6 Rxe6 20.Rd8+ Ka7 21.Nxg6 hxg6
22.Rxc2 b6 23.Nb5+  1-0

[Event "Oberliga Nord N9899"]
[Site "GER"]
[Date "1999.??.??"]
[Round "?"]
[White "Zieher, Hartmut"]
[Black "Storm, Roland"]
[Result "1-0"]
[WhiteElo "2210"]
[BlackElo "2280"]

1.e4 d5 2.exd5 Qxd5 3.Nc3 Qd8 4.d4 g6 5.Nf3 Nh6 6.Bf4 Nf5 7.Qd2 Bg7 8.O-O-O O-O
9.h4 Nxd4 10.Nxd4 e5 11.Nf3  1-0

[Event "Oberliga Ost B9899"]
[Site "GER"]
[Date "1999.??.??"]
[Round "?"]
[White "Gnauk, Reinhard"]
[Black "Brecht, Anselm"]
[Result "1/2-1/2"]
[WhiteElo "2210"]
[BlackElo "2280"]

1.e4 d5 2.exd5 Qxd5 3.Nc3 Qd6 4.g3 Nf6 5.Bg2 c6 6.Nf3 Bf5 7.d3 e6 8.O-O Qc7
9.Bf4 Bd6 10.Bxd6 Qxd6 11.Qe2 Nbd7 12.Ne4 Qc7 13.Nxf6+ Nxf6 14.Ne5 Nd7 15.Nxd7 Qxd7
16.Qe3  1/2-1/2

[Event "GER-ch 11th Seniors"]
[Site "Germany"]
[Date "1999.??.??"]
[Round "?"]
[White "Rosen, Willy"]
[Black "Porubszki, Georg"]
[Result "1-0"]
[WhiteElo "2280"]
[BlackElo "2040"]

1.e4 d5 2.exd5 Qxd5 3.Nc3 Qd8 4.d4 g6 5.Be3 Bg7 6.Nf3 Nf6 7.Qd2 Bf5 8.Bc4 Nbd7
9.O-O-O Nb6 10.Bb3 Nbd5 11.Ne5 c6 12.Bh6 O-O 13.Bxg7 Kxg7 14.f3 Nxc3 15.Qxc3 Nd5
16.Qd2 f6 17.Nd3 Bxd3 18.Qxd3 Qd6 19.Rhe1 Rfe8 20.c4 Qf4+ 21.Kb1 Nb4 22.Qc3 a5
23.a3 Qf5+ 24.Re4 Na6 25.g4 Qg5 26.Rde1 Kf8 27.h3 Nc7 28.f4 Qh6 29.d5 c5
30.Qe3 Qg7 31.Qxc5 a4 32.Bc2 Na6 33.Qe3 Rac8 34.Bxa4 Nc5 35.Bxe8 Nxe4 36.Qxe4 Kxe8
37.Qe6 Rxc4 38.d6 Rc6 39.Qd5 e5 40.fxe5 fxe5 41.Rxe5+ Kd8  1-0

[Event "HUN-chT29899"]
[Site "HUN"]
[Date "1999.??.??"]
[Round "?"]
[White "Apatoczky, Pal"]
[Black "Lengyel, Laszlo"]
[Result "1/2-1/2"]
[WhiteElo "2200"]
[BlackElo "2185"]

1.e4 d5 2.exd5 Qxd5 3.Nc3 Qd6 4.Nf3 Nf6 5.Be2 a6 6.O-O b5 7.d3 Bb7 8.Ng5 e6
9.Bf3 Nc6 10.Be3 Rb8 11.Nge4 Nxe4 12.Nxe4 Qd7 13.Nc5 Bxc5 14.Bxc5 Ne7 15.Bxb7 Rxb7
16.Qg4 O-O 17.a4 Rd8 18.axb5 axb5 19.Ra6 Nf5 20.Rfa1 Qd5 21.Qb4 h5 22.Ra8 Rxa8
23.Rxa8+ Kh7 24.Qe4 Qxc5 25.Qxb7 Qxc2 26.Ra1 Qxb2 27.Rf1 Qe5 28.Qf3 g6 29.h3 Kg7
30.Rb1 Nd4 31.Qe3 Qd5 32.f3 c5 33.Qe4 f5 34.Qe3 b4 35.Ra1 Nb5 36.Ra5 Qd4
37.Qxd4+ Nxd4 38.Rxc5 b3 39.Rc4 e5 40.Kf2 f4 41.Rb4 Kf6 42.Rb6+ Kf7 43.Ke1 Kg7
44.Kf2  1/2-1/2

[Event "HUN-chT9899"]
[Site "HUN"]
[Date "1999.??.??"]
[Round "?"]
[White "Kotan, Ladislav"]
[Black "Borcsok, Laszlo"]
[Result "1-0"]
[WhiteElo "2275"]
[BlackElo "2185"]

1.e4 d5 2.exd5 Qxd5 3.Nc3 Qd6 4.Bc4 Nf6 5.d3 a6 6.Nge2 b5 7.Bb3 Bb7 8.O-O e6
9.a4 b4 10.Nb1 Nbd7 11.a5 c5 12.Nd2 Ng4 13.Ng3 h5 14.Nc4 Qc7 15.Ba4 Nxh2
16.Nb6 Nxf1 17.Bxd7+ Kd8 18.Qxf1 h4 19.Ne4 Rb8 20.Ng5 Ke7 21.Qe2 Qd6 22.Bd2 Rd8
23.Ba4 f6 24.Re1 e5 25.Bb3 h3 26.Nxh3 Re8 27.Ng5 Rh4 28.f3 Rh5 29.f4  1-0

[Event "HUN-chT9899"]
[Site "HUN"]
[Date "1999.??.??"]
[Round "?"]
[White "Horvath, Zoltan"]
[Black "Borcsok, Laszlo"]
[Result "1/2-1/2"]
[WhiteElo "2340"]
[BlackElo "2185"]

1.e4 d5 2.exd5 Qxd5 3.Nc3 Qd6 4.d4 Nf6 5.Be2 a6 6.Bg5 Bf5 7.d5 Nbd7 8.Nf3 O-O-O
9.Qd4 Qb6 10.O-O-O Qxd4 11.Nxd4 Bg4 12.Rhe1 Bxe2 13.Rxe2 Nb6 14.Nf5 Nbxd5
15.Nxd5 Rxd5 16.Rxd5 Nxd5 17.c4 Nb6 18.Nxe7+ Bxe7 19.Rxe7 Rf8 20.b3 Nd7 21.f4 c5
22.f5 Kc7 23.f6 gxf6 24.Bh6 Rg8 25.g3 Kc6 26.Rxf7 Re8 27.Kd2 b5 28.Rxh7 bxc4
29.bxc4 Re4 30.Bf4 Rxc4  1/2-1/2